| 000 | nam a22 7a 4500 | ||
|---|---|---|---|
| 999 |
_c126856 _d126856 |
||
| 008 | 170831b xxu||||| |||| 00| 0 eng d | ||
| 050 | _aPE1408.G936 1919 | ||
| 100 |
_aGuth, Hans P. _935459 |
||
| 245 |
_aWorlds and Ideas _cHans P. Guth |
||
| 250 | _a3rd. ed. | ||
| 260 |
_aCalifonia _bWadsworth Publishing Company _c1969 |
||
| 300 |
_axxvi, 675p. ; _c23cm. |
||
| 650 |
_aEnglish language _xRhetoric _915935 |
||
| 650 |
_aEnglish language _xGrammar _y1950 _935460 |
||
| 942 |
_2lcc _cMONOGRAPH |
||